000 00536nam a2200205Ia 4500
005 20240823012822.0
008 240823s9999||||xx |||||||||||||| ||und||
020 _a0-19-828417-9
041 _aENGLISH
082 _A338.528 M1
100 _a"Newbery,David M G and Stiglitz,Joseph E"
245 4 _aThe Theory of Commodity Price Stabilization
250 _a1st
260 _c1981
_b"Clarendon,O"
500 _aYES
650 _aEconomics
_bManagement Studies
700 _a" Stiglitz,Joseph E"
942 _cBK
999 _c165487
_d165487